Fruits and Vegetables in Spanish - Statistics

General Stats
  • This quiz has been taken 188 times
  • The average score is 27 of 52
Answer Stats
Hint Answer % Correct
Potato Patata | Papa
94%
Orange Naranja
93%
Apple Manzana
91%
Lemon Limón
87%
Pineapple Piña | Ananá
87%
Banana Plátano | Banana
86%
Mango Mango
85%
Tomato Tomate
82%
Onion Cebolla
79%
Strawberry Fresa | Frutilla
78%
Corn Maíz | Choclo
78%
Coconut Coco
76%
Grape Uva
74%
Lettuce Lechuga
73%
Kiwi Kiwi
72%
Papaya Papaya
72%
Pear Pera
72%
Carrot Zanahoria
72%
Broccoli Brócoli
67%
Cherry Cereza
67%
Watermelon Sandía
67%
Cucumber Pepino
65%
Lime Lima
62%
Avocado Aguacate | Palta
61%
Cabbage Col | Repollo
60%
Peach Melocotón | Durazno
58%
Cauliflower Coliflor
56%
Mushroom Champiñón | Seta
49%
Raspberry Frambuesa
48%
Pepper Pimiento | Pimentón
46%
Pumpkin Zapallo | Calabaza
46%
Green Bean Judía | Habichuela | Poroto | Frijol
42%
Asparagus Espárrago
38%
Grapefruit Toronja | Pomelo
36%
Nectarine Nectarina
35%
Fig Higo
33%
Plum Ciruela
32%
Pomegranate Granada
31%
Peas Guisante | Arveja
31%
Blackberry Mora | Zarzamora
31%
Eggplant Berenjena
29%
Blueberry Arándano
28%
Celery Apio
26%
Passionfruit Maracuyá
25%
Radish Rábano
21%
Zucchini Calabacín
16%
Apricot Albaricoque | Damasco
15%
Artichoke Alcachofa
14%
Beet Remolcha | Betabel | Betarraga
13%
Yam Batata
12%
Brussels Sprouts Coles de Bruselas
12%
Quince Membrillo
9%
No matching quizzes found
Score Distribution
Percent of People with Each Score
Percentile by Number Answered
Your Score History
You have not taken this quiz